| 000 | 00698nam a22001937a 4500 | ||
|---|---|---|---|
| 999 |
_c15545 _d15545 |
||
| 003 | AR-CdUCM | ||
| 008 | 190429b ||||| |||| 00| 0 spa d | ||
| 040 |
_aMUNICIPALIDAD PROVINCIAL DEL CUSCO _cBIBLIOTECA MUNICIPAL DEL CUSCO |
||
| 082 |
_aC / 985.74 / _bA45 |
||
| 100 |
_aAlvarez Nuñez, Leonor _934650 |
||
| 245 | _aEl departamento de madre de Dios / | ||
| 260 |
_aCusco : _bUnsaac, _c1948. |
||
| 300 |
_a54 hojas ; _c28 cm. |
||
| 505 | _aSituación del departamento -- Aspecto general del suelo -- Clima lluvias, estaciones -- Organización regional del departamento de Madre de DIos... | ||
| 650 |
_aMadre de Dios. _91067 |
||
| 650 |
_aTisis. _934651 |
||
| 942 |
_2ddc _cTESIS |
||
| 945 | _awfj | ||